|
|
|
|
| LEADER |
00000nam a2200000 a 4500 |
| 001 |
vtls001331798 |
| 003 |
SK-MaSNL |
| 005 |
20260301200442.0 |
| 008 |
240314s1997 pl e y 0 pol |
| 020 |
|
|
|a 8306026462
|c [770,00]
|
| 035 |
|
|
|a SNK000284685
|
| 040 |
|
|
|a SNK
|b slo
|c SNK
|e AACR2
|
| 044 |
|
|
|a PL
|
| 080 |
|
|
|a 398.1(03)=84
|2 1981
|
| 080 |
|
|
|a 03:398.1=84
|2 1981
|
| 100 |
1 |
|
|a Kopaliński, Władysław
|4 aut
|9 383962
|
| 245 |
1 |
0 |
|a Słownik mitów i tradycji kultury
|c Władysław Kopaliński
|
| 260 |
|
|
|a [Kraków]
|b Państwowy Instytut Wydawniczy
|c 1997
|
| 300 |
|
|
|a 1360 s.
|c 24 cm
|
| 500 |
|
|
|a Wyd. poprawione
|
| 650 |
0 |
7 |
|a mýty
|x slovníky poľské
|2 SNK
|9 579650
|
| 650 |
0 |
7 |
|a ľudové tradície
|2 SNK
|9 4960
|
| 919 |
|
|
|a 83-06-02646-2
|
| 999 |
|
|
|c 890549
|d 892479
|
| 952 |
|
|
|t P60, <04>, [BOOK], {604}
|a SNK
|b SNK
|y VYP
|7 0
|p 17A0138669
|o snkIC 127267
|i snkV 628/98
|0 0
|1 0
|4 0
|d 1998-05-25
|l 0
|r 2005-01-02 00:00:00
|w 2026-02-24
|
| 952 |
|
|
|t P60, <04>, [BOOK], {604}
|a SNK
|b SNK
|y VYP
|7 0
|p 17A0189779
|o snkIC 127267 D1
|i snkV 316/99
|0 0
|1 1
|4 0
|d 1999-04-20
|l 0
|r 2005-01-02 00:00:00
|w 2026-02-24
|